000 nam a22 7a 4500
999 _c28265
_d28265
008 170224b xxu||||| |||| 00| 0 eng d
020 _a9780390164407
050 _aHD 57.7 .L43 2014
245 _aLeadership in quality improvement/
260 _aNew York :
_bMcGraw Hill ,
_cc2014 .
300 _axiv, 277p. :
_bill. ;
650 _aManagement.
942 _2lcc
_cBOOKS
_hHD 57.7 .L43 2014